• 首页
  • 本馆介绍
  • 公告通知
  • 最新文献
  • 馆藏检索
  • 电子资源
  • 读者导购
  • 参考咨询
  • 我的图书馆
  • 登录
  • 详细信息显示
  • 放入我的书架
  • 预约/预借图书
  • 作者相关作品
  • 分类相关作品
  • 丛书相关作品
  • 出版社相关作品

书目信息

  • 表格格式
  • 工作单格式
  • 卡片格式
题名:
中日启蒙文学论
    
 
作者: 何德功
分册:  
出版信息: 北京   东方出版社  34700
页数: 260页
开本: 20cm
丛书名:
单 册:
中图分类: I023
科图分类:
主题词: 文学理论--基本问题
电子资源:
ISBN: 7-5060-0555-7
000 00506nam0 2200181 450
001 0728815141
005 20070819080015.14
010    @a7-5060-0555-7@d¥9.00
100    @a20070819d km y0chiy0120 ea
101 0  @achi
200 1  @a中日启蒙文学论@Azhong ri qi meng wen xue lun@f何德功@Fhe de gong
210    @a北京@c东方出版社@d34700
215    @a260页@d20cm
606 0  @a文学理论@x基本问题
690    @aI023@v3
701  0 @a何德功@Ahe de gong
801  0 @aCN@bPFT@c20070819
905    @a213230@dI023@eZW199@f1
    
    中日启蒙文学论/何德功.-北京:东方出版社,34700
    260页;20cm
    
    
    ISBN 7-5060-0555-7:¥9.00
    
●
相关链接 在E读中查询图书 在五车中查询图书 在当当中查询图书 在豆瓣中查询图书


正题名:中日启蒙文学论     索取号:I023/ZW199         预约/预借

序号 登录号 条形码 馆藏地/架位号 状态 备注
1 7604731   276047314   密集书库-文学院/ [索取号:I023/ZW199] 在馆    
唐山师范学院图书馆 欢迎您!
大连网信软件有限公司© 版权所有